Statistics for GAA All Ireland Football Winning Team 2016

Click here to take the quiz!

General Stats

  • This quiz has been taken 10 times
  • The average score is 21 of 27

Answer Stats

PositionPlayer% Correct
MFB. Fenton
100%
LHFC. Kilkenny
100%
CFFD. Connolly
100%
CFBJ. Cooper
100%
ManagerJ. Gavin
100%
RFBP. McMahon
100%
GKS. Cluxton
100%
CHBC. O'Sullivan
89%
RFFD. Rock
89%
SUBE. O'Gara
89%
RHBJ. McCarthy
89%
LHBJ. Small
89%
SUBM. D. MacAuley
89%
RHFP. Flynn
89%
LFFP. Mannion
89%
SUBB. Brogan
78%
SUBD. Byrne
78%
SUBD. Bastick
67%
SUBE. Lowndes
67%
CHFK. McManamon
67%
LFBM. Fitzsimons
67%
MFP. Andrews
67%
SUBD. Daly
56%
SUBC. Costello
44%
SUBC. O'Callaghan
44%
SUBM. Savage
44%
SUBT. Brady
0%

Score Distribution

Percentile by Number Answered

Percent of People with Each Score

Your Score History

You have not taken this quiz